000 01097nam a22003135i 4500
001 10769
003 ES-MaACL
005 20250822032439.0
007 t|
008 941117s1994 sp ||||0| spa j
020 _a84-7658-439-3
040 _aM-BN
_bspa
_cM-BN
080 _a159.9.01
100 1 _aDavidson, Donald.
_942896
245 1 0 _aFilosofía de la psicología /
_cDonald Davidson ; introducción y traducción de Miguel Candel.
250 _aEd. bilingüe.
260 _aBarcelona :
_bAnthropos,
_cD.L. 1994.
300 _aXLIII, 160 p ;
_c20 cm.
490 1 _aTextos y documentos ;
_v19
500 _aTexto en español e inglés.
504 _aBibliografía: p. XXXIX-XLIII.
505 8 _aMental events = Acontecimientos mentales ; Psychology as philosophy = La psicología como filosofía ; The material mind = La mente material
650 1 4 _aPsicología-
_xFilosofía
_916546
700 1 _aCandel, Miguel.
_934449
830 0 _aTextos y documentos ;
_v19
_9177664
852 _aES-MaACL
_jL-18181
_bR.123005
999 _c10769
_d10769